000 00755nam a2200193 u 4500
001 000628165
003 AM-YeHGA
005 20250617140331.0
008 090130s1974 ai | |||||||||||||rus|d
040 _aAM-YeHGA
041 0 _arus
100 1 _aБухтеев, Олег Корнеевич
245 1 0 _aГектар нечерноземной земли /
_cО. Бухтеев, В. Косинский.
260 _aМосква :
_bМосковский рабочий,
_c1974.
300 _a136 с. :
_bтабл., рис. ;
_c19 см.
650 1 4 _aОборудование сельскохозяйственного производства в целом
700 1 _aКосинский, Владимир Васильевич
090 _c219651
999 _c218123
_d218123